| 000 | 00551nam a22001937a 4500 | ||
|---|---|---|---|
| 005 | 20260318103105.0 | ||
| 008 | 260318b |||||||| |||| 00| 0 eng d | ||
| 020 | _a9781119441113 | ||
| 050 | _aTK 5105.F577 2017 | ||
| 100 | _aFITZGERALD JERRY | ||
| 245 | _aBUSINESS DATA COMMUNICATIONS AND NETWORKING | ||
| 250 | _a13th | ||
| 260 |
_aNEWYORK _bWILEY _c2017 |
||
| 300 | _aX,388 | ||
| 500 | _aINCLUDES AN INDEX | ||
| 650 | _aData transmission systems-computer networkss-office practice-automation | ||
| 700 | _aDENNIS ALAN | ||
| 942 |
_2lcc _cBK |
||
| 999 |
_c216837 _d216837 |
||